Lessons in Spanish Commercial Correspondence

محفوظ في:
التفاصيل البيبلوغرافية
المؤلف الرئيسي: MacDonald, George Robert (autor)
التنسيق: كتاب
اللغة:الإنجليزية
منشور في: Londres Sir Isaac Pitman and Sons, Ltd. 1929
الموضوعات:
الوسوم: إضافة وسم
لا توجد وسوم, كن أول من يضع وسما على هذه التسجيلة!

MARC

LEADER 00000cam a2200000 a 4500
001 UCF8054
003 CL-VaPUC
008 130725e19290000UK |||||||||||||||||eng|d
082 0 4 |a 468.207  |b MAC  |2 21 
100 |a MacDonald, George Robert  |e autor  |9 570131 
245 1 0 |a Lessons in Spanish Commercial Correspondence 
300 |a 107 p 
942 |c BK 
945 |d 20130725 00:00:00  |a dcastane 
260 |a Londres  |b Sir Isaac Pitman and Sons, Ltd.  |c 1929 
650 7 |a CORRESPONDENCIA COMERCIAL  |2 CL-VaPUC  |9 264563 
650 0 |a Gramática del español  |9 556983 
650 0 |a Idioma español  |9 309143 
583 |a last modification  |c 20130725 12:05:00  |k Rodrigo Vera 
999 |c 352728  |d 352726 
952 |0 0  |1 0  |4 0  |6 468_207000000000000_MAC_1929  |7 0  |8 P  |9 457341  |a BIBEDU  |b BIBEDU  |c BIBEDU_PB  |d 2019-11-22  |i 4956427  |o 468.207 MAC 1929  |p 4956427  |r 2024-01-25  |w 2019-11-22  |y BK  |k LIT